অর্ধপরিবাহী বিজ্ঞান / (Record no. 47950)
[ view plain ]
| 000 -LEADER | |
|---|---|
| fixed length control field | 00796nam a2200217 a 4500 |
| 001 - CONTROL NUMBER | |
| control field | 47950 |
| 003 - CONTROL NUMBER IDENTIFIER | |
| rucl marc code | BD-RjUL |
| 005 - DATE AND TIME OF LATEST TRANSACTION | |
| control field | 20211209054428.0 |
| 008 - FIXED-LENGTH DATA ELEMENTS--GENERAL INFORMATION | |
| fixed length control field | 160811s1984 bg a|||| |||| 00| 0 ben d |
| 035 ## - SYSTEM CONTROL NUMBER | |
| System control number | (BD-RjUL)48069 |
| 040 ## - CATALOGING SOURCE | |
| Original cataloging agency | BD-RjUL |
| Language of cataloging | ben |
| Transcribing agency | BD-RjUL |
| 041 ## - LANGUAGE CODE | |
| Language code of text/sound track or separate title | ben |
| 082 ## - DEWEY DECIMAL CLASSIFICATION NUMBER | |
| Edition number | 23 |
| Classification number | B 537.622 |
| Author mark and year | RAA 1984 |
| 100 ## - MAIN ENTRY--PERSONAL NAME | |
| Personal name | রহমান, জালালুর |
| 9 (RLIN) | 145503 |
| 245 ## - TITLE STATEMENT | |
| Title | অর্ধপরিবাহী বিজ্ঞান / |
| Statement of responsibility, etc. | জালালুর রহমান |
| 260 ## - PUBLICATION, DISTRIBUTION, ETC. (IMPRINT) | |
| Place of publication, distribution, etc. | ঢাকা : |
| Name of publisher, distributor, etc. | বাংলা একাডেমী, |
| Date of publication, distribution, etc. | ১৯৮৪. |
| 300 ## - PHYSICAL DESCRIPTION | |
| Pagination | ৫১২ পৃ. : |
| Illustrations | চিত্র ; |
| Size | ২২ সেমি. |
| 650 ## - SUBJECT ADDED ENTRY--TOPICAL TERM | |
| Topical term or geographic name as entry element | অর্ধপরিবাহী |
| General subdivision | পদার্থ |
| 9 (RLIN) | 145504 |
| Topical term or geographic name as entry element | Semiconductivity |
| General subdivision | Physics |
| 9 (RLIN) | 145505 |
| 942 ## - ADDED ENTRY ELEMENTS (KOHA) | |
| Source of classification or shelving scheme | Dewey Decimal Classification |
| Koha item type | Books |
| Lost status | Source of classification or shelving scheme | Damaged status | Not for loan | Collection code | Permanent Location | Current Location | Shelving location | Date acquired | Source of acquisition | Cost, normal purchase price | Total Checkouts | Full call number | Date last seen | Copy number | Koha item type |
|---|---|---|---|---|---|---|---|---|---|---|---|---|---|---|---|
| Dewey Decimal Classification | Non-fiction | Central Library, University of Rajshahi | Central Library, University of Rajshahi | 21/11/1994 | Bangla Academy | 100.00 | B 537.622 RAA 1984 | 11/08/2016 | C-2 | Books | |||||
| Dewey Decimal Classification | Non-fiction | Central Library, University of Rajshahi | Central Library, University of Rajshahi | 11/10/1996 | Bangla Academy | 100.00 | B 537.622 RAA 1984 | 16/08/2016 | C-3 | Books | |||||
| Dewey Decimal Classification | Non-fiction | Central Library, University of Rajshahi | Central Library, University of Rajshahi | 13/10/1992 | Bangla Academy, Dhaka | B 537.622 RAA 1984 | 26/11/2016 | C-4 | Books | ||||||
| Dewey Decimal Classification | Not For Loan | Non-fiction | Central Library, University of Rajshahi | Central Library, University of Rajshahi | Reading Room | 01/07/1990 | Dhaka, Bangla Academy | 100.00 | B 537.622 RAA 1984 | 08/04/2017 | C-1 | Books | |||
| Dewey Decimal Classification | Non-fiction | Central Library, University of Rajshahi | Central Library, University of Rajshahi | General Stacks | 10/11/1995 | Dhaka : Bangla Academi | 100.00 | B 537.622 RAA 1984 | 07/08/2025 | C-5 | Books |